Sound insulation tests consultation (Record no. 73240)

MARC details
000 -LEADER
fixed length control field 01345cam a2200241 4500
001 - CONTROL NUMBER
control field WB3931-05
008 - FIXED-LENGTH DATA ELEMENTS--GENERAL INFORMATION
fixed length control field 030819n2003 000 0 eng u
035 ## - SYSTEM CONTROL NUMBER
System control number (Sirsi) u123299
245 ## - TITLE STATEMENT
Title Sound insulation tests consultation
260 ## - PUBLICATION, DISTRIBUTION, ETC.
Date of publication, distribution, etc. 2003
490 ## - SERIES STATEMENT
Series statement ODPM News Release
Volume/sequential designation (2003/0168) 18 August 2003, (2)
520 ## - SUMMARY, ETC.
Summary, etc. ODPM has launched a consultation on the preferred system for testing sound insulation for new dwellings and conversions. The construction industry has developed a robust standard details (RSD) system as an alternative to the government's pre-completion approach, which the industry argued would lead to delays and higher costs. The government has asked the industry to prove that its method of investment in high performance designs with checklists to verify correct construction, would achieve the needed results. The consultation is available at http://www.odpm.gov.uk/stellent/groups/odpm_control/documents/contentservertemplate/odpm_index.hcst?n=3644&l=2. http://www.odpm.gov.uk/pns/DisplayPN.cgi?pn_id=2003_0168 i
590 ## - LOCAL NOTE (RLIN)
Local note WB
650 ## - SUBJECT ADDED ENTRY--TOPICAL TERM
Topical term or geographic name entry element NOISE LEVELS
650 ## - SUBJECT ADDED ENTRY--TOPICAL TERM
Topical term or geographic name entry element HOUSE BUILDING
650 ## - SUBJECT ADDED ENTRY--TOPICAL TERM
Topical term or geographic name entry element SOUND INSULATION
650 ## - SUBJECT ADDED ENTRY--TOPICAL TERM
Topical term or geographic name entry element PRE-COMPLETION
650 ## - SUBJECT ADDED ENTRY--TOPICAL TERM
Topical term or geographic name entry element ROBUST STANDARD DETAILS
650 ## - SUBJECT ADDED ENTRY--TOPICAL TERM
Topical term or geographic name entry element CONVERSIONS
650 ## - SUBJECT ADDED ENTRY--TOPICAL TERM
Topical term or geographic name entry element NEW BUILD
690 ## - LOCAL SUBJECT ADDED ENTRY--TOPICAL TERM (OCLC, RLIN)
Topical term or geographic name as entry element BUILT ENVIRONMENT-BUILDING STANDARDS
942 ## - ADDED ENTRY ELEMENTS (KOHA)
Suppress in OPAC 0
Holdings
Withdrawn status Lost status Source of classification or shelving scheme Damaged status Not for loan Home library Current library Shelving location Date acquired Total Checkouts Full call number Barcode Date last seen Copy number Price effective from Koha item type
    Dewey Decimal Classification     London London Journal article 19/08/2003   WB3931-05 123299-1001 06/08/2019 1 06/08/2019 Journal article